Bengals Players With 1000 Scrimmage Yards - Statistics

General Stats
  • This quiz has been taken 45 times
  • The average score is 47 of 77
Answer Stats
Position (Year) Yards Player % Correct
WR (2024) 1,740 Ja'Marr Chase
93%
WR (2021) 1,476 Ja'Marr Chase
93%
WR (2023) 1,210 Ja'Marr Chase
93%
WR (2022) 1,054 Ja'Marr Chase
93%
WR (2007) 1,487 Chad "Ochocinco" Johnson
88%
WR (2005) 1,465 Chad "Ochocinco" Johnson
88%
WR (2006) 1,393 Chad "Ochocinco" Johnson
88%
WR (2003) 1,355 Chad "Ochocinco" Johnson
88%
WR (2004) 1,313 Chad "Ochocinco" Johnson
88%
WR (2002) 1,166 Chad "Ochocinco" Johnson
88%
WR (2009) 1,079 Chad "Ochocinco" Johnson
88%
RB (2021) 1,519 Joe Mixon
85%
RB (2018) 1,464 Joe Mixon
85%
RB (2019) 1,424 Joe Mixon
85%
RB (2023) 1,410 Joe Mixon
85%
RB (2022) 1,255 Joe Mixon
85%
WR (2013) 1,426 A.J. Green
83%
WR (2012) 1,388 A.J. Green
83%
WR (2015) 1,297 A.J. Green
83%
WR (2011) 1,110 A.J. Green
83%
WR (2017) 1,078 A.J. Green
83%
WR (2014) 1,043 A.J. Green
83%
RB (1973) 1,353 Essex Johnson
83%
RB (1972) 1,245 Essex Johnson
83%
FB (1981) 1,397 Pete Johnson
83%
FB (1979) 1,019 Pete Johnson
83%
RB (2005) 1,548 Rudi Johnson
83%
RB (2004) 1,538 Rudi Johnson
83%
RB (2006) 1,433 Rudi Johnson
83%
RB (2003) 1,103 Rudi Johnson
83%
WR (2021) 1,091 Tee Higgins
80%
WR (2022) 1,029 Tee Higgins
80%
RB (1992) 1,384 Harold Green
78%
RB (2024) 1,350 Chase Brown
73%
RB (2002) 1,609 Corey Dillon
70%
RB (2000) 1,593 Corey Dillon
70%
RB (2001) 1,543 Corey Dillon
70%
RB (1999) 1,490 Corey Dillon
70%
RB (1997) 1,388 Corey Dillon
70%
RB (1998) 1,308 Corey Dillon
70%
WR (1988) 1,268 Eddie Brown
70%
WR (1985) 1,071 Eddie Brown
70%
WR (2019) 1,069 Tyler Boyd
65%
WR (2018) 1,031 Tyler Boyd
65%
RB (2013) 1,209 Giovani Bernard
58%
RB (2015) 1,202 Giovani Bernard
58%
RB (2014) 1,029 Giovani Bernard
58%
WR (2007) 1,157 T.J. Houshmandzadeh
50%
WR (2006) 1,087 T.J. Houshmandzadeh
50%
WR (2004) 1,029 T.J. Houshmandzadeh
50%
WR (2005) 1,018 T.J. Houshmandzadeh
50%
FB (1988) 1,265 Ickey Woods
48%
RB (2014) 1,339 Jeremy Hill
43%
RB (2016) 1,013 Jeremy Hill
43%
RB (2009) 1,362 Cedric Benson
40%
RB (2010) 1,289 Cedric Benson
40%
RB (2011) 1,149 Cedric Benson
40%
WR (1983) 1,132 Cris Collinsworth
40%
WR (1985) 1,128 Cris Collinsworth
40%
WR (1981) 1,009 Cris Collinsworth
40%
WR (1986) 1.008 Cris Collinsworth
40%
RB (2012) 1,198 BenJarvus Green-Ellis
35%
RB (1986) 1,773 James Brooks
35%
RB (1989) 1,545 James Brooks
35%
RB (1985) 1,505 James Brooks
35%
RB (1990) 1,273 James Brooks
35%
RB (1988) 1,218 James Brooks
35%
WR (1995) 1,240 Carl Pickens
33%
WR (1996) 1,182 Carl Pickens
33%
WR (1994) 1,127 Carl Pickens
33%
WR (1998) 1,027 Carl Pickens
33%
WR (1999) 1,022 Darnay Scott
18%
WR (1989) 1,247 Tim McGee
13%
FB (1973) 1,335 Boobie Clark
10%
RB (1979) 1,105 Archie Griffin
8%
RB (1968) 1,151 Paul Robinson
5%
FB (2007) 1,137 Kenny Watson
3%
No matching quizzes found
Score Distribution
Percent of People with Each Score
Percentile by Number Answered
Your Score History
You have not taken this quiz